00704nam a22001817a 4500003000900000005001700009008004300026020001800069040002200087100003500109245017200144260003600316300002000352500005900372504002700431700003200458700003200490DO-SdBNP20180213151320.0171101b 2006 dr |||| |||| 00| 0 spa d a9789993479963 aBPMSUbspacBPMSU1 aGómez Montero, Franklín J.10aManual de prácticas investigación biomédica :ben el contexto post-moderno /cFranklín J. Gómez Montero, Manuel E. Colome Hidalgo, Héctor A. Madera Rosario aSanto Domingo :bBúho,c2006. a98 p. ;c26 cm. aLa biblioteca posee la primera reimpresión del 2015. aBibliografía : p. 971 aColomé Hidalgo, Manuel E.1 aMadera Rosario, Héctor A.